000 00383nam a2200145Ia 4500
008 231129s2012||||xx |||||||||||||| ||spa||
020 _a978-958-42-3364-6
040 _bspa
082 _a863.6 I91b
100 _aIturbe Antonio G.
245 0 _aLa bibliotecaria de Auschwitz
260 _c2012
264 _aEspaƱa : Planeta
942 _2ddc
_cBKS
999 _c16491
_d16491